00552nam a2200205Ia 450000500170000000800460001703700110006304000080007404000080008204000080009004100080009804100080010608400080011410000380012224500890016026000090024930000100025865000140026870000640028220260430150143.0008 250103s9999 xx 000 0 eng d aTheses aCRL beng ceng 2eng aeng qCRL aGagandeep Au.; Rawat Diwan S. Gu. 0aStructural Optimization of Heterocyclic Compounds for their therapeutic applications c2021 a284p. aChemistry aUniversity of Delhi. Faculty of Science. Deptt of Chemistry